000 00395pab a2200157 454500
008 180718b1996 xxu||||| |||| 00| 0 eng d
100 _aRambabu, G.
245 _aHealth care for the poor: insurance may be the saving grace
260 _c1996
300 _ap.6
362 _a5 Jul
650 _aMedical care
650 _aHealth services
773 _aHindu (Business Line)
909 _a33198
999 _c33198
_d33198